00690 2200241 4500001002100000005001700021008004100038035002400079090001800103100003100121245009000152250001000242260003100252300002500283500004000308650002400348700001000372700001700382850001500399980001300414985000600427999001500433YOGYA-0209000006088320090227035844.0 ind  0010-020900000060883 a297.03bSal S aSALIMAH, Muhammad Muwaffaq aSabar kunci bahagiacMuhammad Muwafaq Salimah; penerjemah, Yusuf; editor, Etty Arifin aCet.4 aSolobPustaka Mantiqc1991 a156 hlmbilusc18 cm aJudul asli : Wa Basy-syish-shabirin aIslam - Ensiklopedi aYusuf aArifin, Etty aYOPDYOG(B) a25-09-08 a1 a93P0038807